000 01607cam a2200229 a 4500
001 000001349
005 20200929145542.0
008 751125s1952 cu b 000 0 spa d
040 _aDO-SdBNP
_bspa
_cBNPHU
082 _a972.91
_bH673n
245 0 0 _aHistoria de la Nación Cubana :
_bconsolidación de la república, desde 1902 hasta 1951 /
_cRamiro Guerra y Sánchez, José M. Pérez Cabrera, Juan J. Remos y Emeterio S. Santoventa.
260 _aLa Habana :
_bHistoria de la Nación Cubana,
_c1952.
300 _av. :
_bil. ;
_c25 cm.
500 _aLa biblioteca posee el v. 4, 6 y 10.
504 _aBibliografía : p. 415-418.
505 0 _gv. 1
_tCulturas primitivas, descubrimiento, conquista y colonización (desde la epoca precolombina hasta 1697).
_gv. 2
_tGuerras coloniales, Progresos conflictosy (desde 1697 hasta 1790).
_gv. 3
_tIlustración, libertad de comercio (desde 1790 hasta 1837) .
_gv. 4
_tRuptura con la metrópolis (desde 1837 hasta 1868).
_gv. 5
_tGuerra de los Diez Años y otras actividades revolucionarias, desde 1868 hasta 1902 (1).
_gv. 6
_tAutonomismo, Guerra de Independencia, desde 1868 hasta 1902 (2).
_gv. 7
_tCambio de soberanía, desde 1868 hasta 1902 (3).
_gv. 8
_tAdvenimiento de la República, desde 1902 hasta 1951 (1).
_gv. 9
_tDesarrollo económico y social Proceso, desde 1902 hasta 1951 (2)
_gv. 10
_tConsolidación de la República, desde 1902 hasta 1951 (3)
651 4 _aCuba
_xHistoria
_9493
700 1 _aGuerray y Sánchez, Ramiro,
_d1880-1970.
_94529
700 1 _aPérez Cabrera, José M.
_94530
700 1 _aRemos, Juan J.
_94531
700 1 _aSantovenia, Emeterio S.
_94532
999 _c1278
_d1278